| 000 | 01558cab a2200217 4500 | ||
|---|---|---|---|
| 001 | ABS46613 | ||
| 008 | 090401t1992 xxu||||| |||| 00| 0 eng d | ||
| 035 | _a(Sirsi) u58871 | ||
| 041 | _aeng | ||
| 245 | _aPrudential Assurance Co Ltd v Salisburys Handbags Ltd | ||
| 260 | _c1992 | ||
| 350 | _a0 | ||
| 490 |
_aEstates Gazette _v(1992) 23 EG 117-120(3) |
||
| 520 | _aChD 25 March 1992. P is the person entitled by assignment to the reversion expectant on determination of an underlease granted in June 1971. S is the lessee under the underlease granted for 97 years. The dispute is as to the true construction and effect of provisions for rent review. The lease allowed for 7-yearly rent reviews and for the new rent to be the fair rack rental market value. Problems arose at the second rent review in September 1989. Dispute arose as to the hypotheses to be made. D contends that the term of the hypothetical lease is the unexpired portion of the term on the basis of a lease with no provisions for rent review. S however contends that the term of the lease is seven years and that it must be assumed that any letting for a longer period is on terms which provide for rent reviews at a period of seven years or at some similar period. It was held that in the absense of agreement, the term must be determined by the arbitrator and, in so far as it falls within a r | ||
| 650 | _aHYPOTHETICAL LEASES | ||
| 650 | _aRENT REVIEWS | ||
| 650 | _aSEVEN YEARLY | ||
| 690 | _aLANDLORD AND TENANT-CASE LAW-RENT REVIEWS | ||
| 942 | _n0 | ||
| 948 | _c04/03/1997 | ||
| 999 |
_c36004 _d36004 |
||